Acta final de la Conferencia de Luxemburgo

Spremljeno u:
Bibliografski detalji
Format: Tekst
Izdano: Bruselas: Comunidades Europeas
Oznake: Dodaj oznaku
Bez oznaka, Budi prvi tko označuje ovaj zapis!

MARC

LEADER 00000 a a2200000 04500
001 24133
003
040
090 |a 170800  
245 |a Acta final de la Conferencia de Luxemburgo  
260 |a Bruselas:   |b Comunidades Europeas  
300 |a 10 p.  
999 |c 15834  |d 15834